Zverinec

Bibliographic Details
Main Author: Juráňová, Jana, 1957- (Author)
Format: Book
Language:Slovak
PhysicalDescription:140 s. 17 cm
Published: Bratislava ARCHA 1993
ISBN:8071150576

MARC

LEADER 00000cam a2200000 a 4500
001 vtls001075822
003 SK-MaSNL
005 20260302063927.0
008 250414s1993 xo e 0000j slo
015 |a SNBA1994/08 
020 |a 8071150576  |q (brož.) 
035 |a SNK000018655 
035 |a urn:nbn:sk:snk-amkrvu 
035 |a urn:nbn:sk:snk-am005b6d 
035 |a AA781FF4-C8BA-4042-A3C7-0552345D2EDE 
040 |a SNK  |b slo  |c SNK  |e AACR2 
041 0 |a slo 
044 |a xo  |c SK 
080 |a 885.4-3  |2 1981 
100 1 |a Juráňová, Jana,  |d 1957-  |4 aut  |9 85434 
245 1 0 |a Zverinec  |c Jana Juráňová 
260 |a Bratislava  |b ARCHA  |c 1993 
300 |a 140 s.  |c 17 cm 
852 |a Slovenská národná knižnica 
919 |a 80-7115-057-6 
954 |a poviedky spoločenské 
958 |a LX 
958 |a TL 
999 |c 1134837  |d 1136767 
952 |t P60, <05>, [BOOK], {605}  |a SNK  |b SNK  |y PREZ  |7 0  |p 17A0346252  |o snkSD 66480 D1  |i snkKSP 6814/94  |0 0  |1 0  |4 0  |d 2002-06-18  |l 0  |r 2004-12-31 00:00:00  |w 2026-02-24 
952 |a SNK  |b SNK  |y PREZ  |7 0  |p 17A1020914  |o snkSD 66480   |0 0  |1 0  |4 0  |d 2013-07-17  |l 0  |r 2026-02-24 19:15:42  |w 2026-02-24